| 000 | 00876nam a2200229 a 4500 | ||
|---|---|---|---|
| 005 | 20210219160220.0 | ||
| 008 | 080926s1990 mx r 000 0 spa d | ||
| 035 | _aUPN01000161112 | ||
| 049 | _aUNE | ||
| 080 | _a37.014. 542 (861) BUS. | ||
| 100 | 1 | _aBustos O., Fabio M. | |
| 245 | 1 | 0 |
_aLímites y posibilidades de la planificación y de la gestión regional y local de la educación / _cFabio M. Bustos O. |
| 260 |
_aColombia : _bMinisterio de Educación, _c1990. |
||
| 300 | _a7 p. | ||
| 440 | 0 | _aED-90/CPA.401/DP.4/1 | |
| 690 | _aPlanificacion y administracion de la educacion- Colombia | ||
| 690 | _aColombia- Planificacion y administracion de la educacion | ||
| 710 | 2 | _aColombia. Ministerio de Educación | |
| 710 | 2 | _aUNESCO | |
| 711 | 2 | _aCongreso Internacional "Planeamiento y Gestión del Desarrollo de la Educación", 1990 : México. | |
| 905 | _aUNESCO | ||
| 999 |
_c133225 _d133225 |
||